00493nam a22001931a 4500020000900000040002600009050002400035100002600059245004300085260001900128300001200147440004500159500001500204600001400219600002800233600001900261600001600280852000300296 c0.00 aNEGST Library - Kenya aPL 8207.G47L39 1996 aLax, Beverle Michaele aThe Verbal System of Kigiryamah[Text] b[S.I:s.nc1996 a334 p.; aThesis [ph.D] University of Wisconsin-Ma a[Africana] aFonologie aGiryama language - Verb aGiryama (taal) aWerkwoorden